| 000 | 00574nam a2200133Ia 4500 | ||
|---|---|---|---|
| 008 | 171212s9999 xx 000 0 und d | ||
| 020 | _a9780874215663 | ||
| 100 | _aGordon, Greg | ||
| 245 |
_cGordon, Greg _aLandscape Of Desire |
||
| 260 |
_bUniversity Press of Colorado _c2003 |
||
| 650 | _aBiological Sciences | ||
| 650 | _aUtah -- Description and travel; Moab Region (Utah) -- Description and travel; Landscape -- Utah; Canyons -- Utah; Natural history -- Utah; Geology -- Utah; Gordon, Greg, 1963 -- Journeys -- Utah | ||
| 856 | _uwww.jstor.org/stable/10.2307/j.ctt46nsbk | ||
| 999 |
_c353099 _d353099 |
||